[Event "Lindores Abbey Rapid Challenge-KO"]
[White "Ding, Liren"]
[Black "Yu, Yangyi"]
[Site "Online"]
[Round "1.1"]
[Annotator "ChessBase"]
[Result "1/2-1/2"]
[Date "2020.05.23"]
[WhiteElo "2836"]
[BlackElo "2738"]
[PlyCount "74"]
[TimeControl "900+10"]

1. d4 d5 2. c4 {[%emt 0:0:12]} dxc4 {[%emt 0:0:12]} 3. Nf3 {[%emt 0:0:2]} Nf6 {[%emt 0:0:3]} 4. e3 {[%emt 0:0:2]} e6 {[%emt 0:0:1]} 5. Bxc4 {[%emt 0:0:1]
} c5 {[%emt 0:0:2]} 6. 0-0 {[%emt 0:0:1]} a6 {[%emt 0:0:2]} 7. dxc5 {[%emt 0:0:2]} Bxc5 {[%emt 0:0:2]} 8. Qxd8+ {[%emt 0:0:3]} Kxd8 {[%emt 0:0:2]
} 9. Be2 {[%emt 0:0:0]} Ke7 {[%emt 0:0:4]} 10. Nc3 {[%emt 0:0:0]} Nbd7 {[%emt 0:1:52]} 11. e4 {[%emt 0:2:22]} b6 {[%emt 0:1:6]} 12. e5 {[%emt 0:0:29]} Ng4 {[%emt 0:0:18]} 13. Bf4 {[%emt 0:0:56]} f6 {[%emt 0:0:0]} 14. exf6+ {[%emt 0:0:49]} gxf6 {[%emt 0:0:8]} 15. h3 {[%emt 0:2:22]
} Nge5 {[%emt 0:0:8]} 16. Nxe5 {[%emt 0:1:14]} Nxe5 {[%emt 0:0:2]} 17. Bxe5 {[%emt 0:0:6]} fxe5 {[%emt 0:0:3]} 18. Bf3 {[%emt 0:0:2]} Ra7 {[%emt 0:0:4]
} 19. Rac1 {[%emt 0:0:39]} Bd7 {[%emt 0:0:30]} 20. Rc2 {[%emt 0:0:52]
} Bd4 {[%emt 0:1:26]} 21. Rfc1 {[%emt 0:0:12]} Rc8 {[%emt 0:0:0]} 22. g4 {[%emt 0:1:7]} h6 {[%emt 0:2:48]} 23. Kg2 {[%emt 0:0:10]} a5 {[%emt 0:0:4]
} 24. Ne2 {[%emt 0:0:24]} Rxc2 {[%emt 0:0:14]} 25. Rxc2 {[%emt 0:0:0]
} Bb5 {[%emt 0:0:7]} 26. h4 {[%emt 0:0:37]} Rd7 {[%emt 0:0:0]} 27. Ng3 {[%emt 0:0:24]} Bd3 {[%emt 0:0:23]} 28. Rd2 {[%emt 0:0:3]} Bc4 {[%emt 0:1:11]} 29. b3 {[%emt 0:0:6]} Bb5 {[%emt 0:0:17]} 30. a4 {[%emt 0:0:0]} Ba6 {[%emt 0:0:2]} 31. Be4 {[%emt 0:0:6]} Rd8 {[%emt 0:1:48]} 32. Nh5 {[%emt 0:2:3]} Rg8 {[%emt 0:0:11]} 33. Kg3 {[%emt 0:0:5]} Bc8 {[%emt 0:0:9]
} 34. Bc6 {[%emt 0:0:24]} Kd6 {[%emt 0:0:23]} 35. Be4 {[%emt 0:0:0]} Ke7 {[%emt 0:0:2]} 36. Rd3 {[%emt 0:1:44]} Ba6 {[%emt 0:0:33]} 37. Rd2 {[%emt 0:0:21]} Bc8 {[%emt 0:0:2]} 1/2-1/2

[Event "Lindores Abbey Rapid Challenge-KO"]
[White "Nakamura, Hikaru"]
[Black "Aronian, Levon"]
[Site "Online"]
[Round "1.1"]
[Annotator "TA"]
[Result "1/2-1/2"]
[Date "2020.05.23"]
[WhiteElo "2829"]
[BlackElo "2778"]
[PlyCount "110"]

1. e4 {} e5 2. Nf3 Nf6 3. Nxe5 d6 4. Nf3 Nxe4 5. Nc3 Nxc3 6. dxc3 Be7 7. Be3 0-0 8. Qd2 {C42: Petroff Defence: 3 Nxe5 and unusual White 3rd moves.} Nd7 {} 9. 0-0-0 c6 {9...Nf6 is the modern
continuation.} 10. h4 d5 11. Bd3 Nc5 12. Ng5 h6 13. Rde1 {[#]} Nxd3+ $146 ({
Predecessor:} 13... hxg5 14. hxg5 Nxd3+ 15. Qxd3 f5 16. Qe2 Bxg5 17. Qh5 Bxe3+ 18. Rxe3 f4 19. Qh7+ Kf7 20. Qh5+ Kg8 21. Qh8+ Kf7 22. Qh5+ Kg8 {1/2-1/2 (22)
Andreikin,D (2721)-Wang,H (2726) China 2019} )14. Qxd3 {
[#]} f5 ({But not} 14... hxg5 15. hxg5 f5 16. gxf6 $17 )15. f4 Bd6 16. Nf3 Re8 17. g3 Re4 18. Nd2 Be6 (18... Re8 $11 )19. Nxe4 $16 fxe4 20. Qd2 Qa5 21. Kb1 h5 22. f5 (22. Bd4 $16 {And now f5! would win.} Rf8 23. Rhf1 )Bxf5 $11 23. Bf4 Bf8 24. Rhf1 Bg4 25. Be5 Bf3 26. Qf4 Qd8 27. Bd4 c5 28. Be5 Qd7 29. Rxf3 exf3 30. Qxf3 Re8 {With the idea ...Bd6.} 31. Rf1 Qe6 32. Bf4 g6 33. a3 Qe4 34. Qd1 Bg7 35. Bc1 b6 36. g4 Qxg4 37. Qxd5+ Qe6 38. Qg2 Qe4 39. Qg3 Be5 40. Qg5 (40. Qf2 $5 {} Qd5 41. Qe2 $14 )Qg4 {The position is equal.} 41. Qd2 Bg7 42. Qd3 Qe4 43. Qd7 Re7 44. Qd6 Kh7 45. Bg5 Qc4 46. Rg1 Rf7 47. Qd1 Qb5 48. Qd5 Rf1+ 49. Rxf1 Qxf1+ 50. Ka2 Qf5 51. Qb7 Qe6+ 52. Kb1 Qe1+ 53. Ka2 Qe6+ 54. Kb1 Qe1+ 55. Ka2 Qe6+ {Accuracy: White = 95%, Black = 94%.} 1/2-1/2

[Event "Lindores Abbey Rapid Challenge-KO"]
[White "Nakamura, Hikaru"]
[Black "Aronian, Levon"]
[Site "Online"]
[Round "1.1"]
[Annotator "ChessBase"]
[Result "1-0"]
[Date "2020.05.23"]
[WhiteElo "2829"]
[BlackElo "2778"]
[PlyCount "93"]
[TimeControl "900+10"]

1. e4 e5 2. Nf3 {[%emt 0:0:11]} Nf6 {[%emt 0:0:12]} 3. Nxe5 {[%emt 0:0:2]} d6 {[%emt 0:0:1]} 4. Nf3 {[%emt 0:0:0]} Nxe4 {[%emt 0:0:1]} 5. Nc3 {[%emt 0:0:0]
} Nxc3 {[%emt 0:0:1]} 6. dxc3 {[%emt 0:0:0]} Be7 {[%emt 0:0:0]} 7. Be3 {[%emt 0:0:1]} 0-0 {[%emt 0:0:1]} 8. Qd2 {[%emt 0:0:0]} Nd7 {[%emt 0:0:1]
} 9. 0-0-0 {[%emt 0:0:1]} c6 {[%emt 0:0:1]} 10. h4 {[%emt 0:0:0]} Re8 {[%emt 0:0:1]} 11. Bd3 {[%emt 0:0:5]} Nf6 {[%emt 0:0:3]} 12. h5 {[%emt 0:0:56]} Bg4 {[%emt 0:2:27]} 13. Rde1 {[%emt 0:1:1]} Qd7 {[%emt 0:2:9]
} 14. h6 {[%emt 0:2:13]} g6 {[%emt 0:2:34]} 15. Nd4 {[%emt 0:0:0]} a6 {[%emt 0:1:16]} 16. f3 {[%emt 0:0:21]} Be6 {[%emt 0:0:29]} 17. Nxe6 {[%emt 0:0:7]} fxe6 {[%emt 0:0:38]} 18. Kb1 {[%emt 0:0:26]} b5 {[%emt 0:0:13]
} 19. g4 {[%emt 0:0:18]} e5 {[%emt 0:0:30]} 20. c4 {[%emt 0:0:0]} Qe6 {[%emt 0:1:0]} 21. Qe2 {[%emt 0:0:3]} Rab8 {[%emt 0:0:28]} 22. g5 {[%emt 0:1:39]} Nd7 {[%emt 0:0:7]} 23. Ka1 {[%emt 0:0:23]} bxc4 {[%emt 0:0:0]} 24. Bxc4 {[%emt 0:0:2]} d5 {[%emt 0:0:1]} 25. Bb3 {[%emt 0:0:3]} Nc5 {[%emt 0:1:56]} 26. Bxc5 {[%emt 0:0:15]} Bxc5 {[%emt 0:0:0]} 27. Qxa6 {[%emt 0:0:1]
} Bf2 {[%emt 0:0:44]} 28. Re2 {[%emt 0:1:11]} Bg3 {[%emt 0:0:0]} 29. c4 {[%emt 0:0:18]} d4 {[%emt 0:1:16]} 30. c5 {[%emt 0:0:4]} Rxb3 {[%emt 0:0:10]
} 31. axb3 {[%emt 0:0:0]} Qxb3 {[%emt 0:0:49]} 32. Qxc6 {[%emt 0:0:42]
} Rb8 {[%emt 0:0:4]} 33. Kb1 {[%emt 0:0:28]} Qf7 {[%emt 0:0:0]} 34. Qf6 {[%emt 0:0:19]} Qxf6 {[%emt 0:0:48]} 35. gxf6 {[%emt 0:0:0]} Kf7 {[%emt 0:0:1]} 36. c6 {[%emt 0:0:11]} Kxf6 {[%emt 0:0:2]} 37. c7 {[%emt 0:0:7]
} Rc8 {[%emt 0:0:2]} 38. Rc1 {[%emt 0:0:1]} Ke7 {[%emt 0:0:0]} 39. Rc4 {[%emt 0:0:26]} Kd7 {[%emt 0:0:48]} 40. Rec2 {[%emt 0:0:2]} g5 {[%emt 0:0:3]} 41. b4 {[%emt 0:0:14]} g4 {[%emt 0:0:3]} 42. fxg4 {[%emt 0:0:0]} Be1 {[%emt 0:0:3]} 43. Re2 {[%emt 0:0:7]} Bg3 {[%emt 0:0:7]} 44. b5 {[%emt 0:0:1]} Rxc7 {[%emt 0:0:18]} 45. Rxc7+ {[%emt 0:0:2]} Kxc7 {[%emt 0:0:0]
} 46. g5 {[%emt 0:0:1]} d3 {[%emt 0:0:1]} 47. Re4 {[%emt 0:0:0]} 1-0

[Event "Lindores Abbey Rapid Challenge-KO"]
[White "Aronian, Levon"]
[Black "Nakamura, Hikaru"]
[Site "Online"]
[Round "1.1"]
[Annotator "TA"]
[Result "0-1"]
[Date "2020.05.23"]
[WhiteElo "2778"]
[BlackElo "2829"]
[PlyCount "120"]

1. c4 {} e5 2. Nc3 Nf6 3. Nf3 Nc6 4. g3 d5 5. cxd5 Nxd5 6. Bg2 Nb6 7. 0-0 Be7 8. d3 0-0 9. Be3 Be6 (9... f5 10. Rc1 Kh8 11. a3 Bf6 12. Bc5 Re8 13. b4 Be6 14. Re1 Qd7 15. e4 a6 16. Bh3 g6 17. Be3 Qg7 18. Ng5 Bg8 19. Nf3 {1-0 (53) Aronian,L (2825)
-Nakamura,H (2775) Moscow 2012} )10. Qd2 Nd5 {A29: English Opening: Four
Knights Variation with 4 g3.} 11. Rfc1 f6 {[#]} 12. Na4 $146 ({Predecessor:} 12. Nxd5 Bxd5 13. Bc5 a5 14. Qe3 b6 15. Bxe7 Nxe7 16. d4 e4 17. Nd2 f5 18. Qc3 {1/2-1/2 (30) Anastasian,A (2602)-Georgiev,K (2645) Kusadasi 2006} )Re8 {
The position is equal.} 13. Bc5 Bd6 14. a3 Nb6 15. Qd1 Bd5 16. Be3 Bf8 17. b4 {
[#]} Nd4 $1 {} 18. Bxd4 $14 exd4 19. Nc5 {
} Rb8 20. Nb3 Bxf3 21. exf3 c6 22. f4 Na4 {Threatening ...Nc3.} 23. Nd2 Nc3 24. Qb3+ Kh8 25. Re1 Qd7 26. Ne4 Nxe4 27. dxe4 c5 28. bxc5 Bxc5 29. Bf1 g6 30. Bb5 Qe6 31. Bc4 Qd6 32. Kg2 Re7 33. Qf3 Rbe8 34. h4 a6 35. a4 Bb4 36. Re2 Qc6 37. Bd5 Qc3 38. Rd1 Qxf3+ 39. Kxf3 Bc3 40. Rb1 Rd8 41. Bc4 (41. Rc2 $14 )d3 $15 42. Re3 {[#]} (42. Rd1 $1 $11 {keeps the balance.} )d2 (42... Rd4 $1 $17 {} 43. Bxd3 Bd2 )43. Bd5 Ba5 44. Ke2 Rc7 {...Rc1
is the strong threat.} 45. Rd1 $1 b5 46. axb5 axb5 47. g4 Bc3 48. Bb3 b4 49. g5 fxg5 50. hxg5 Rf8 51. Rf3 Re7 52. e5 Kg7 53. e6 h6 54. gxh6+ Kxh6 55. Rg1 {
Threatens to win with Rfg3.} Rf6 $1 56. Rfg3 {And now f5! would win.} Rexe6+ 57. Bxe6 Rxe6+ 58. Re3 Rf6 59. Re4 Kg7 60. Rc4 $2 {} (60. Rb1 $11 )Re6+ {Accuracy: White = 80%, Black = 77%.} 0-1

[Event "Lindores Abbey Rapid Challenge-KO"]
[White "Aronian, Levon"]
[Black "Nakamura, Hikaru"]
[Site "Online"]
[Round "1.1"]
[Annotator "ChessBase"]
[Result "1/2-1/2"]
[Date "2020.05.23"]
[WhiteElo "2778"]
[BlackElo "2829"]
[PlyCount "82"]
[TimeControl "900+10"]

1. d4 Nf6 2. c4 {[%emt 0:0:13]} e6 {[%emt 0:0:11]} 3. Nf3 {[%emt 0:0:2]} d5 {[%emt 0:0:1]} 4. Nc3 {[%emt 0:0:2]} Be7 {[%emt 0:0:1]} 5. Bf4 {[%emt 0:0:0]} 0-0 {[%emt 0:0:1]} 6. e3 {[%emt 0:0:3]} Nbd7 {[%emt 0:0:1]} 7. c5 {[%emt 0:0:1]} c6 {[%emt 0:0:1]} 8. h3 {[%emt 0:0:1]} b6 {[%emt 0:0:0]} 9. b4 {[%emt 0:0:2]} a5 {[%emt 0:0:1]} 10. a3 {[%emt 0:0:1]} h6 {[%emt 0:0:0]} 11. Qb1 {[%emt 0:0:16]} Ne4 {[%emt 0:3:44]} 12. Nxe4 {[%emt 0:0:4]} dxe4 {[%emt 0:0:0]} 13. Ne5 {[%emt 0:0:1]} Nxe5 {[%emt 0:0:4]} 14. Bxe5 {[%emt 0:0:0]
} Qd5 {[%emt 0:0:1]} 15. Qb2 {[%emt 0:0:2]} b5 {[%emt 0:0:0]} 16. Be2 {[%emt 0:1:27]} a4 {[%emt 0:1:4]} 17. 0-0 {[%emt 0:0:23]} Bd7 {[%emt 0:0:11]} 18. f3 {[%emt 0:0:40]} f5 {[%emt 0:0:45]} 19. Qd2 {[%emt 0:0:0]} Be8 {[%emt 0:0:21]} 20. fxe4 {[%emt 0:0:49]} fxe4 {[%emt 0:0:0]} 21. Rxf8+ {[%emt 0:0:2]} Bxf8 {[%emt 0:0:1]} 22. Bd1 {[%emt 0:0:3]} Bg6 {[%emt 0:0:28]
} 23. Bc2 {[%emt 0:0:10]} Be7 {[%emt 0:0:2]} 24. Bb1 {[%emt 0:0:0]} Rf8 {[%emt 0:0:3]} 25. Ba2 {[%emt 0:0:3]} Qd7 {[%emt 0:0:2]} 26. Qe1 {[%emt 0:0:38]} Kh7 {[%emt 0:1:12]} 27. Qg3 {[%emt 0:0:54]} Bd8 {[%emt 0:1:5]
} 28. Rf1 {[%emt 0:0:35]} Rxf1+ {[%emt 0:0:3]} 29. Kxf1 {[%emt 0:0:0]
} Qf7+ {[%emt 0:0:2]} 30. Ke1 {[%emt 0:2:53]} Qf5 {[%emt 0:0:0]} 31. Qf4 {[%emt 0:0:35]} Qf7 {[%emt 0:1:11]} 32. Bb1 {[%emt 0:0:21]} Kg8 {[%emt 0:0:4]} 33. Qxf7+ {[%emt 0:1:42]} Kxf7 {[%emt 0:0:2]} 34. Kf2 {[%emt 0:0:7]
} Bf5 {[%emt 0:0:23]} 35. g4 {[%emt 0:0:8]} Bh7 {[%emt 0:0:0]} 36. Kg3 {[%emt 0:0:12]} g5 {[%emt 0:0:2]} 37. Bc2 {[%emt 0:0:20]} Bg6 {[%emt 0:0:23]} 38. Bd1 {[%emt 0:0:7]} Kg8 {[%emt 0:0:27]} 39. Be2 {[%emt 0:0:2]
} Be8 {[%emt 0:0:13]} 40. Bf1 {[%emt 0:0:4]} Kf8 {[%emt 0:0:0]} 41. Bg2 {[%emt 0:0:3]} Bg6 {[%emt 0:0:1]} 1/2-1/2

[Event "Lindores Abbey Rapid Challenge-KO"]
[White "Aronian, Levon"]
[Black "Nakamura, Hikaru"]
[Site "Online"]
[Round "1.1"]
[Annotator "TA"]
[Result "1-0"]
[Date "2020.05.23"]
[WhiteElo "2778"]
[BlackElo "2829"]
[PlyCount "235"]

1. d4 {} Nf6 2. c4 e6 3. Nf3 d5 4. Nc3 Be7 5. Bf4 0-0 6. e3 Nbd7 7. c5 c6 8. h3 b6 {D37: Queen's Gambit Declined: 5 Bf4.} 9. b4 a5 10. a3 $1 h6 {The position is equal.} 11. Bd3 Ba6 {Threatens to win with
...Bxd3.} 12. 0-0 Qc8 (12... Bxd3 13. Qxd3 Qc8 14. Rfc1 Qb7 15. Rab1 axb4 16. axb4 Rfc8 17. Nd2 Bd8 18. Nb3 Bc7 19. Bxc7 Qxc7 {0-1 (39) Aronian,L (2792)
-Nakamura,H (2787) Zuerich 2016} )13. Na4 $5 { [#] Leaves trodden
paths.} Qb7 $146 ({Predecessor:} 13... Bxd3 14. Qxd3 b5 15. Nc3 Qb7 16. Nd2 Bd8 17. Nb3 a4 18. Nd2 Bc7 19. Bxc7 Qxc7 {1/2-1/2 (45) Firouzja,A (2728)-Nakamura,
H (2736) chess24.com INT 2020} )14. Qc2 Bxd3 15. Qxd3 Ne4 16. Rfb1 axb4 17. axb4 b5 18. Nc3 f5 19. Ne2 Bf6 20. Ne5 Ng5 (20... Rxa1 $14 21. Rxa1 Ra8 )21. Nxd7 $16 Qxd7 22. Nc1 (22. Be5 $16 )Nf7 23. Qc3 Rfe8 24. Nd3 Qb7 25. Rb3 Ra4 26. Rxa4 bxa4 27. Ra3 Qb5 28. Qc2 Ra8 29. Bc7 Bd8 (29... Ra7 $14 )30. Ba5 $1 Bf6 31. f4 ({Much weaker is} 31. Qxa4 Qxa4 32. Rxa4 e5 $14 )({Of course not
} 31. Rxa4 e5 $14 )g5 32. g3 ({Much worse is} 32. Qxa4 Qxa4 33. Rxa4 gxf4 $11 )h5 33. Qxa4 Qxa4 34. Rxa4 h4 35. gxh4 (35. Kg2 {is more complex.} hxg3 36. Kxg3 gxf4+ 37. Kxf4 Kf8 38. Ra2 )gxf4 36. Nxf4 e5 $1 {} 37. Ng6 exd4 38. exd4 Bxd4+ 39. Kf1 Bf6 40. Ra2 Kh7 41. h5 Ng5 42. Nf4 Ne4 43. Nd3 Bd4 44. Rg2 f4 45. Nxf4 {next Ne6 is good for White.} Rf8 46. Bc7 Rf7 47. Ke2 {Black must now prevent Ne6.} Bc3 $132 { Black is
fighting back} 48. Ne6 {And now b5! would win.} Bxb4 49. Bd6 Bc3 50. Ng5+ (50. Bf4 {keeps more tension.} Rf5 51. Rg6 Rxh5 52. Nf8+ Kh8 53. Rxc6 Rxh3 54. Rc8 )Nxg5 51. Rxg5 $11 { Endgame KRB-KRB} Bb4 (51... Rf6 $11 )52. Rg4 Rb7 53. Kd3 (53. Rg6 $14 )Rb5 54. Kd4 Ba3 55. Rg6 Rb3 {} 56. Ke5 Rxh3 57. Ke6 Rxh5 (57... d4 $11 )58. Rg3 $1 $14 {} Bb4 59. Kd7 d4 60. Kxc6 Rf5 61. Rd3 Bc3 (61... Kg6 $14 )62. Kd7 $2 ({White has to play
} 62. Kb5 $18 )Bb4 $1 $11 63. Kc6 $2 (63. Rh3+ $11 Kg6 64. Kc6 )Bc3 $1 $18 64. Rg3 (64. Kb5 $18 )Bb4 $14 65. Kb5 Be1 $2 (65... Bxc5 $1 $14 66. Bxc5 Kh6 )66. Rh3+ Kg6 67. Kc4 $1 Ba5 68. Kxd4 (68. Ra3 $18 Be1 69. Ra1 )Kf7 (68... Bb4 $14 )69. Rh7+ $18 Kf6 (69... Ke6 $142 70. Rh6+ Kd7 )70. Ke4 Rf1 71. Kd5 $1 Rd1+ 72. Kc6 $2 (72. Kc4 $18 )Bb4 $11 73. Rh4 Ba3 74. Rh3 Bb4 75. Rb3 Rd4 76. Kb5 Bxc5 $1 77. Kxc5 {KRB-KR} Rd1 78. Re3 Rc1+ 79. Kd5 Rd1+ 80. Kc6 Kf5 81. Rf3+ Ke4 82. Rf4+ Ke3 83. Rh4 Kf3 84. Kc5 Ke3 85. Be5 Rd8 86. Bd6 Ra8 87. Kd5 Ra5+ 88. Bc5+ Kf3 (88... Kd2 $11 )89. Rc4 (89. Rh2 $1 $14 )Rb5 ({Better is} 89... Ra8 $11 )90. Ke5 (90. Rc2 $1 $14 )Rb8 91. Rc2 Re8+ 92. Kf5 Rc8 93. Rc3+ Ke2 94. Ke4 Re8+ 95. Kf4 Rd8 96. Rh3 Re8 97. Bd4 Kd2 98. Be5 Kc2 99. Ke4 Rd8 100. Rc3+ Kd2 101. Rb3 Rc8 102. Rh3 Kc2 103. Rh2+ Kb3 104. Rb2+ Ka3 105. Rb7 Re8 106. Kd5 Rc8 107. Bc7 Rh8 108. Bd6+ Ka2 109. Kc4 Rc8+ 110. Bc7 Rf8 111. Be5 Rc8+ 112. Kd3 Rc1 113. Rb2+ Ka1 114. Rf2+ Kb1 115. Bd4 {White threatens Rb2+ and mate.} Rd1+ 116. Kc3 {Intending Rb2+ and mate.} Re1 $2 { [#]} (116... Rc1+ $11 117. Kd3 Rc8 )117. Kb3 $1 Kc1 {[#]} 118. Bc3 $1 {Accuracy: White = 81%, Black = 79%.} 1-0

[Event "Lindores Abbey Rapid Challenge-KO"]
[White "Aronian, Levon"]
[Black "Nakamura, Hikaru"]
[Site "Online"]
[Round "1.1"]
[Annotator "ChessBase"]
[Result "1-0"]
[Date "2020.05.23"]
[WhiteElo "2778"]
[BlackElo "2829"]
[PlyCount "235"]
[TimeControl "900+10"]

1. d4 Nf6 2. c4 {[%emt 0:0:14]} e6 {[%emt 0:0:11]} 3. Nf3 {[%emt 0:0:4]} d5 {[%emt 0:0:2]} 4. Nc3 {[%emt 0:0:2]} Be7 {[%emt 0:0:3]} 5. Bf4 {[%emt 0:0:0]} 0-0 {[%emt 0:0:2]} 6. e3 {[%emt 0:0:2]} Nbd7 {[%emt 0:0:1]} 7. c5 {[%emt 0:0:2]} c6 {[%emt 0:0:4]} 8. h3 {[%emt 0:0:2]} b6 {[%emt 0:0:1]} 9. b4 {[%emt 0:0:2]} a5 {[%emt 0:0:1]} 10. a3 {[%emt 0:0:1]} h6 {[%emt 0:0:0]} 11. Bd3 {[%emt 0:0:1]} Ba6 {[%emt 0:0:2]} 12. 0-0 {[%emt 0:0:2]} Qc8 {[%emt 0:0:3]} 13. Na4 {[%emt 0:0:1]} Qb7 {[%emt 0:0:26]} 14. Qc2 {[%emt 0:3:50]
} Bxd3 {[%emt 0:0:37]} 15. Qxd3 {[%emt 0:0:0]} Ne4 {[%emt 0:0:0]} 16. Rfb1 {[%emt 0:0:30]} axb4 {[%emt 0:3:42]} 17. axb4 {[%emt 0:0:0]} b5 {[%emt 0:0:8]} 18. Nc3 {[%emt 0:0:14]} f5 {[%emt 0:0:14]} 19. Ne2 {[%emt 0:0:51]
} Bf6 {[%emt 0:0:20]} 20. Ne5 {[%emt 0:0:22]} Ng5 {[%emt 0:0:0]} 21. Nxd7 {[%emt 0:1:20]} Qxd7 {[%emt 0:0:4]} 22. Nc1 {[%emt 0:0:3]} Nf7 {[%emt 0:1:6]} 23. Qc3 {[%emt 0:0:4]} Rfe8 {[%emt 0:0:28]} 24. Nd3 {[%emt 0:0:35]
} Qb7 {[%emt 0:0:5]} 25. Rb3 {[%emt 0:0:52]} Ra4 {[%emt 0:0:0]} 26. Rxa4 {[%emt 0:0:10]} bxa4 {[%emt 0:0:0]} 27. Ra3 {[%emt 0:0:1]} Qb5 {[%emt 0:0:2]} 28. Qc2 {[%emt 0:0:6]} Ra8 {[%emt 0:0:53]} 29. Bc7 {[%emt 0:0:2]
} Bd8 {[%emt 0:0:34]} 30. Ba5 {[%emt 0:0:3]} Bf6 {[%emt 0:0:0]} 31. f4 {[%emt 0:3:19]} g5 {[%emt 0:0:2]} 32. g3 {[%emt 0:0:49]} h5 {[%emt 0:1:29]
} 33. Qxa4 {[%emt 0:0:15]} Qxa4 {[%emt 0:0:13]} 34. Rxa4 {[%emt 0:0:2]
} h4 {[%emt 0:0:1]} 35. gxh4 {[%emt 0:2:0]} gxf4 {[%emt 0:0:0]} 36. Nxf4 {[%emt 0:0:1]} e5 {[%emt 0:0:0]} 37. Ng6 {[%emt 0:0:8]} exd4 {[%emt 0:0:30]} 38. exd4 {[%emt 0:0:0]} Bxd4+ {[%emt 0:0:5]} 39. Kf1 {[%emt 0:0:2]} Bf6 {[%emt 0:0:0]} 40. Ra2 {[%emt 0:0:13]} Kh7 {[%emt 0:0:0]} 41. h5 {[%emt 0:0:21]} Ng5 {[%emt 0:0:6]} 42. Nf4 {[%emt 0:3:36]} Ne4 {[%emt 0:0:23]} 43. Nd3 {[%emt 0:0:38]} Bd4 {[%emt 0:0:37]} 44. Rg2 {[%emt 0:0:15]
} f4 {[%emt 0:1:11]} 45. Nxf4 {[%emt 0:0:3]} Rf8 {[%emt 0:0:0]} 46. Bc7 {[%emt 0:0:2]} Rf7 {[%emt 0:0:1]} 47. Ke2 {[%emt 0:0:35]} Bc3 {[%emt 0:1:23]} 48. Ne6 {[%emt 0:0:18]} Bxb4 {[%emt 0:0:18]} 49. Bd6 {[%emt 0:0:16]
} Bc3 {[%emt 0:0:18]} 50. Ng5+ {[%emt 0:0:11]} Nxg5 {[%emt 0:0:0]} 51. Rxg5 {[%emt 0:0:0]} Bb4 {[%emt 0:0:21]} 52. Rg4 {[%emt 0:0:16]} Rb7 {[%emt 0:0:2]} 53. Kd3 {[%emt 0:0:23]} Rb5 {[%emt 0:0:6]} 54. Kd4 {[%emt 0:0:2]
} Ba3 {[%emt 0:0:1]} 55. Rg6 {[%emt 0:0:8]} Rb3 {[%emt 0:0:0]} 56. Ke5 {[%emt 0:0:3]} Rxh3 {[%emt 0:0:4]} 57. Ke6 {[%emt 0:0:3]} Rxh5 {[%emt 0:0:7]} 58. Rg3 {[%emt 0:0:3]} Bb4 {[%emt 0:0:35]} 59. Kd7 {[%emt 0:0:1]
} d4 {[%emt 0:0:10]} 60. Kxc6 {[%emt 0:0:2]} Rf5 {[%emt 0:0:0]} 61. Rd3 {[%emt 0:0:3]} Bc3 {[%emt 0:0:6]} 62. Kd7 {[%emt 0:0:2]} Bb4 {[%emt 0:0:4]} 63. Kc6 {[%emt 0:0:5]} Bc3 {[%emt 0:0:1]} 64. Rg3 {[%emt 0:0:17]
} Bb4 {[%emt 0:0:5]} 65. Kb5 {[%emt 0:0:7]} Be1 {[%emt 0:0:0]} 66. Rh3+ {[%emt 0:0:13]} Kg6 {[%emt 0:0:3]} 67. Kc4 {[%emt 0:0:1]} Ba5 {[%emt 0:0:9]} 68. Kxd4 {[%emt 0:0:12]} Kf7 {[%emt 0:0:13]} 69. Rh7+ {[%emt 0:0:8]
} Kf6 {[%emt 0:0:5]} 70. Ke4 {[%emt 0:0:6]} Rf1 {[%emt 0:0:0]} 71. Kd5 {[%emt 0:0:4]} Rd1+ {[%emt 0:0:8]} 72. Kc6 {[%emt 0:0:2]} Bb4 {[%emt 0:0:2]} 73. Rh4 {[%emt 0:0:5]} Ba3 {[%emt 0:0:10]} 74. Rh3 {[%emt 0:0:21]
} Bb4 {[%emt 0:0:3]} 75. Rb3 {[%emt 0:0:7]} Rd4 {[%emt 0:0:0]} 76. Kb5 {[%emt 0:0:3]} Bxc5 {[%emt 0:0:6]} 77. Kxc5 {[%emt 0:0:3]} Rd1 {[%emt 0:0:6]} 78. Re3 {[%emt 0:0:7]} Rc1+ {[%emt 0:0:7]} 79. Kd5 {[%emt 0:0:7]
} Rd1+ {[%emt 0:0:0]} 80. Kc6 {[%emt 0:0:1]} Kf5 {[%emt 0:0:0]} 81. Rf3+ {[%emt 0:0:7]} Ke4 {[%emt 0:0:8]} 82. Rf4+ {[%emt 0:0:2]} Ke3 {[%emt 0:0:1]} 83. Rh4 {[%emt 0:0:4]} Kf3 {[%emt 0:0:5]} 84. Kc5 {[%emt 0:0:3]
} Ke3 {[%emt 0:0:10]} 85. Be5 {[%emt 0:0:3]} Rd8 {[%emt 0:0:0]} 86. Bd6 {[%emt 0:0:4]} Ra8 {[%emt 0:0:7]} 87. Kd5 {[%emt 0:0:4]} Ra5+ {[%emt 0:0:2]} 88. Bc5+ {[%emt 0:0:0]} Kf3 {[%emt 0:0:2]} 89. Rc4 {[%emt 0:0:2]
} Rb5 {[%emt 0:0:20]} 90. Ke5 {[%emt 0:0:9]} Rb8 {[%emt 0:0:0]} 91. Rc2 {[%emt 0:0:19]} Re8+ {[%emt 0:0:19]} 92. Kf5 {[%emt 0:0:1]} Rc8 {[%emt 0:0:1]} 93. Rc3+ {[%emt 0:0:17]} Ke2 {[%emt 0:0:3]} 94. Ke4 {[%emt 0:0:5]
} Re8+ {[%emt 0:0:3]} 95. Kf4 {[%emt 0:0:1]} Rd8 {[%emt 0:0:0]} 96. Rh3 {[%emt 0:0:17]} Re8 {[%emt 0:0:6]} 97. Bd4 {[%emt 0:0:5]} Kd2 {[%emt 0:0:15]} 98. Be5 {[%emt 0:0:3]} Kc2 {[%emt 0:0:3]} 99. Ke4 {[%emt 0:0:5]
} Rd8 {[%emt 0:0:29]} 100. Rc3+ {[%emt 0:0:6]} Kd2 {[%emt 0:0:0]} 101. Rb3 {[%emt 0:0:2]} Rc8 {[%emt 0:0:6]} 102. Rh3 {[%emt 0:0:4]
} Kc2 {[%emt 0:0:6]} 103. Rh2+ {[%emt 0:0:1]} Kb3 {[%emt 0:0:6]} 104. Rb2+ {[%emt 0:0:3]} Ka3 {[%emt 0:0:2]} 105. Rb7 {[%emt 0:0:2]} Re8 {[%emt 0:1:0]
} 106. Kd5 {[%emt 0:0:9]} Rc8 {[%emt 0:0:18]} 107. Bc7 {[%emt 0:0:12]
} Rh8 {[%emt 0:0:3]} 108. Bd6+ {[%emt 0:0:3]} Ka2 {[%emt 0:0:0]} 109. Kc4 {[%emt 0:0:10]} Rc8+ {[%emt 0:1:13]} 110. Bc7 {[%emt 0:0:0]} Rf8 {[%emt 0:0:9]} 111. Be5 {[%emt 0:0:8]} Rc8+ {[%emt 0:0:6]} 112. Kd3 {[%emt 0:0:3]} Rc1 {[%emt 0:0:3]} 113. Rb2+ {[%emt 0:0:12]} Ka1 {[%emt 0:0:10]
} 114. Rf2+ {[%emt 0:2:2]} Kb1 {[%emt 0:0:2]} 115. Bd4 {[%emt 0:0:1]
} Rd1+ {[%emt 0:0:15]} 116. Kc3 {[%emt 0:0:2]} Re1 {[%emt 0:0:0]} 117. Kb3 {[%emt 0:0:21]} Kc1 {[%emt 0:0:4]} 118. Bc3 {[%emt 0:0:1]
} 1-0

[Event "Lindores Abbey Rapid Challenge-KO"]
[White "Yu, Yangyi"]
[Black "Ding, Liren"]
[Site "Online"]
[Round "1.1"]
[Annotator "TA"]
[Result "1-0"]
[Date "2020.05.23"]
[WhiteElo "2738"]
[BlackElo "2836"]
[PlyCount "137"]

1. e4 {} e5 2. Nf3 Nc6 3. Bc4 Nf6 4. Ng5 d5 5. exd5 Na5 6. Bb5+ c6 7. dxc6 bxc6 8. Bd3 Nd5 {C58: Two
Knights: 4 Ng5 d5 5 exd5 Na5 sidelines.} 9. Nf3 Bd6 10. Nc3 0-0 {The position
is equal.} 11. Be2 f5 12. d3 Nxc3 13. bxc3 e4 {[#]} 14. Nd4 $146 ({Predecessor:
} 14. dxe4 fxe4 15. Nd4 Qh4 16. Be3 Be5 17. g3 Qf6 18. 0-0 Bh3 19. Bg4 Bxf1 20. Qxf1 {0-1 (32) Zelkind,E (2205)-Klovans,J (2408) Condino 2009} )Qf6 15. 0-0 Qe5 {} 16. f4 Qe7 17. Kh1 Bd7 18. Rb1 Rad8 19. Bd2 c5 {aiming for ...e3.} 20. Nb5 Bb8 21. dxe4 $2 (21. c4 $16 Nc6 22. Nc3 )fxe4 $17 {White must now prevent ...e3.} 22. Qe1 (22. c4 $17 Bxb5 23. Rxb5 )e3 $19 {...Bxb5 is the strong threat.} 23. Bc1 Bxf4 ({But not} 23... Rxf4 24. Rxf4 Bxf4 25. c4 )24. c4 Nc6 25. Bf3 {[#]} Kh8 (25... Nd4 $1 $19 { has
better winning chances.} 26. Nc3 Qe5 )26. Nc3 $17 Qe5 {And now ...Nb4 would
win.} 27. Nd5 {} Bxh2 {Strongly threatening ...Rxf3!} 28. Qxe3 {[#]
} Nd4 (28... Qd6 $1 $17 )29. Qxe5 $11 Bxe5 30. Be3 Bc6 31. Be4 (31. Rbd1 $11 )Ne2 (31... Rxf1+ $15 32. Rxf1 Ne2 )32. Rxf8+ Rxf8 33. Bf3 (33. Bd3 {
keeps more tension.} Nd4 34. c3 Ne6 35. Rb3 Rd8 36. Be2 )Nd4 34. Bxd4 Bxd4 35. Re1 (35. Nc7 $5 {} Bd7 36. Nb5 $15 )g6 36. Re6 Bxd5 (36... Ba4 {seems wilder.} 37. c3 Bf2 38. Re7 Bg3 39. Rxa7 Bc2 )37. cxd5 {
 Endgame KRB-KRB} Kg7 38. d6 Rd8 39. Bc6 Kf7 40. Bd5 Kg7 41. c4 h5 $1 42. g3 g5 $1 43. Kg2 g4 $1 44. Bc6 Kf7 45. Bd5 Kg7 46. a4 a5 47. Be4 Kf7 48. Bd5 Kg7 49. Re7+ Kf6 50. Rf7+ Ke5 51. d7 Kd6 52. Rh7 Rxd7 53. Rh6+ Kc7 54. Rc6+ Kd8 55. Rh6 Re7 56. Rxh5 Re2+ 57. Kf1 ({White should play} 57. Kh1 $1 $11 )Rf2+ 58. Ke1 Rb2 59. Rg5 Ra2 60. Rg8+ Ke7 61. Bf7 $2 {} (61. Bc6 $11 )Kxf7 $19 62. Rxg4 Rxa4 {KRB-KR. Black mates.} 63. Rf4+ Ke6 64. Kd1 Ra1+ 65. Kc2 a4 {} 66. Kd3 a3 67. Re4+ Kd6 68. Re2 a2 69. Ke4 { Accuracy: White = 79%, Black = 74%. . Sensor
Board Error (Ke4/e5)?} 1-0